000 00532nam a2200169 a 4500
001 000030724
005 20200930062455.0
008 110526s1941 xxu 000 0 spa d
040 _aDO-SdBNP
_bspa
_cBNPHU
041 1 7 _aeng
100 1 _aWissler, Clark,
_d1870-1947
_957302
245 1 0 _aIndians of the United States :
_bfour cnturies of their history and culture /
_cClark Wissler.
260 _aNew York :
_bDoubleday, Doran & Company,
_c1941.
300 _a319 p. :
_bmap. ;
_c24 cm.
500 _aIncluye índice
049 _aBNPD
999 _c30216
_d30216